| 000 | 00614naa a2200217 i 4500 | ||
|---|---|---|---|
| 001 | 37275 | ||
| 003 | ES-MaBCM | ||
| 005 | 20241016104010.0 | ||
| 008 | 951103s1995 fra 000 0 fre d | ||
| 021 | _axx | ||
| 035 | _a(OCoLC)1365161494 | ||
| 040 | _cES-MaBCM | ||
| 041 | 0 | _afre | |
| 043 | _afra | ||
| 100 | 1 |
_aPrud, Remy _938019 |
|
| 245 | 1 | 3 |
_aUn nouveau modèle de politique régionale _cRemy Prud |
| 650 | 2 | 7 |
_aPolítica regional _959841 |
| 651 | 2 | 4 |
_aPaíses de la OCDE _9115575 |
| 773 | 0 |
_aEn: _tProblèmes économiques _dParis : 1995 _w104496 _gnº 2.240, oct., p. 27-29. - Loc. S.428 |
|
| 942 | _cAREV | ||
| 999 |
_c37275 _d37275 |
||